Christians versus Muslims in modern Egypt : (Record no. 17715)
[ view plain ]
| 000 -LEADER | |
|---|---|
| fixed length control field | 01134nam a22003255a 4500 |
| 001 - CONTROL NUMBER | |
| control field | 009696674 |
| 003 - CONTROL NUMBER IDENTIFIER | |
| control field | OSt |
| 005 - DATE AND TIME OF LATEST TRANSACTION | |
| control field | 20150811115410.0 |
| 008 - FIXED-LENGTH DATA ELEMENTS--GENERAL INFORMATION | |
| fixed length control field | 020201s2003 nyu frb 001 0 eng |
| 010 ## - LIBRARY OF CONGRESS CONTROL NUMBER | |
| LC control number | 2002022039 |
| 020 ## - INTERNATIONAL STANDARD BOOK NUMBER | |
| International Standard Book Number | 9780195138689 |
| 040 ## - CATALOGING SOURCE | |
| Original cataloging agency | EG-ScBUE |
| Language of cataloging | eng |
| Transcribing agency | EG-ScBUE |
| 043 ## - GEOGRAPHIC AREA CODE | |
| Geographic area code | f-ua--- |
| 082 04 - DEWEY DECIMAL CLASSIFICATION NUMBER | |
| Classification number | 281.720962 |
| Edition number | 22 |
| Item number | HAS |
| 100 1# - MAIN ENTRY--PERSONAL NAME | |
| Personal name | Hassan, Sana. |
| 9 (RLIN) | 34312 |
| 245 10 - TITLE STATEMENT | |
| Title | Christians versus Muslims in modern Egypt : |
| Remainder of title | the century-long struggle for Coptic equality / |
| Statement of responsibility, etc | S.S. Hasan . |
| 260 ## - PUBLICATION, DISTRIBUTION, ETC. (IMPRINT) | |
| Place of publication, distribution, etc | New York ; |
| -- | Oxford : |
| Name of publisher, distributor, etc | Oxford University Press, |
| Date of publication, distribution, etc | c.2003. |
| 300 ## - PHYSICAL DESCRIPTION | |
| Extent | xvi, 320 p. ; |
| Dimensions | 24 cm. |
| 500 ## - GENERAL NOTE | |
| General note | Index : p. 303-320. |
| 504 ## - BIBLIOGRAPHY, ETC. NOTE | |
| Bibliography, etc | Bibliography : p. 291-302. |
| 590 ## - LOCAL NOTE (RLIN) | |
| Local note | Menna Elemam |
| 610 20 - SUBJECT ADDED ENTRY--CORPORATE NAME | |
| Corporate name or jurisdiction name as entry element | Coptic Church |
| Geographic subdivision | Egypt |
| General subdivision | History |
| Chronological subdivision | 20th century. |
| 9 (RLIN) | 34313 |
| 650 #0 - SUBJECT ADDED ENTRY--TOPICAL TERM | |
| Topical term or geographic name as entry element | Christianity |
| General subdivision | Islam. |
| 9 (RLIN) | 34315 |
| Source of heading or term | BUEsh |
| 650 #0 - SUBJECT ADDED ENTRY--TOPICAL TERM | |
| Topical term or geographic name as entry element | Islam |
| General subdivision | Relations |
| -- | Christianity. |
| 9 (RLIN) | 34316 |
| Source of heading or term | BUEsh |
| 651 #0 - SUBJECT ADDED ENTRY--GEOGRAPHIC NAME | |
| Geographic name | Egypt |
| General subdivision | Church history |
| Chronological subdivision | 20th century. |
| 9 (RLIN) | 34317 |
| Source of heading or term | BUEsh |
| 651 #0 - SUBJECT ADDED ENTRY--GEOGRAPHIC NAME | |
| Geographic name | Egypt |
| General subdivision | Political science |
| Chronological subdivision | 1970- . |
| 9 (RLIN) | 21949 |
| Source of heading or term | BUEsh |
| 653 ## - INDEX TERM--UNCONTROLLED | |
| Resource For college | BAEPS, Political Science |
| Arrived date list | August2015 |
| 655 ## - INDEX TERM--GENRE/FORM | |
| Form subdivision | |
| -- | 34232 |
| 942 ## - ADDED ENTRY ELEMENTS (KOHA) | |
| Source of classification or shelving scheme | Dewey Decimal Classification |
| Item type | Book - Borrowing |
| Call number prefix | 281.720962 HAS |
| Withdrawn status | Item status | Source of classification or shelving scheme | Damaged status | Not for loan | Vendor | Home library | Current library | Shelving location | Date acquired | Source of acquisition | Total Checkouts | Total Renewals | Full call number | Barcode | Date last seen | Date last borrowed | Koha item type |
|---|---|---|---|---|---|---|---|---|---|---|---|---|---|---|---|---|---|
| Dewey Decimal Classification | Baccah | Central Library | Central Library | Lower Floor | 30/10/2013 | 5 | 1 | 281.720962 HAS | 000029526 | 19/04/2026 | 14/04/2026 | Book - Borrowing | |||||
| Dewey Decimal Classification | Baccah | Central Library | Central Library | Lower Floor | 30/10/2013 | 3 | 38 | 281.720962 HAS | 000029527 | 15/07/2025 | 25/11/2021 | Book - Borrowing |